[Event "NB II. Erkel csoport"]
[Site "Dunaharaszti"]
[Date "2023.10.29"]
[Round "2.11"]
[White "Zoltan, Andras"]
[Black "Farkas, Sara"]
[Result "1-0"]
[WhiteElo "1713"]
[BlackElo "1473"]
[PlyCount "63"]
[EventDate "2023.10.08"]
[EventType "team-tourn"]
[EventRounds "9"]
[EventCountry "HUN"]
[Source "chess.hu"]
[WhiteTeam "HASE"]
[BlackTeam "Dunaharaszti MTK II."]
[WhiteTeamCountry "HUN"]
[BlackTeamCountry "HUN"]

1. e4 e6 2. d3 d5 3. Nd2 Nf6 4. Ngf3 c5 5. g3 Nc6 6. Bg2 Be7 7. O-O O-O 8. e5
Nd7 9. Re1 Qc7 10. Qe2 b6 11. Nf1 h6 12. h4 Bb7 13. Bf4 Rac8 14. N1h2 Ba6 15.
Ng4 c4 16. Nxh6+ gxh6 17. Bxh6 cxd3 18. cxd3 Rfe8 19. Rac1 Bf8 20. Bf4 Bg7 21.
Qe3 Nc5 22. Red1 Nxd3 23. Rxd3 Bxd3 24. Qxd3 Qb8 25. Ng5 Nxe5 26. Qh7+ Kf8 27.
Re1 f6 28. Bxe5 fxe5 29. Qg6 Kg8 30. Nxe6 Re7 31. Bxd5 Kh8 32. Be4 1-0

[Event "NB II. Erkel csoport"]
[Site "Dunaharaszti"]
[Date "2023.10.29"]
[Round "2.12"]
[White "Koronczai, Csongor"]
[Black "Rabovszky, Gyorgy"]
[Result "0-1"]
[WhiteElo "1471"]
[BlackElo "1603"]
[PlyCount "180"]
[EventDate "2023.10.08"]
[EventType "team-tourn"]
[EventRounds "9"]
[EventCountry "HUN"]
[Source "chess.hu"]
[WhiteTeam "Dunaharaszti MTK II."]
[BlackTeam "HASE"]
[WhiteTeamCountry "HUN"]
[BlackTeamCountry "HUN"]

1. e4 c5 2. Nf3 Nc6 3. d4 cxd4 4. Nxd4 e5 5. Nb3 Nf6 6. Nc3 Bb4 7. Bd3 O-O 8.
O-O h6 9. Nd5 Re8 10. a3 Bf8 11. c4 d6 12. Qf3 b6 13. Qg3 Be6 14. f4 Bxd5 15.
cxd5 exf4 16. Bxf4 Ne5 17. Bc2 Nh5 18. Qf2 Nxf4 19. Qxf4 Rc8 20. Nd4 Qg5 21.
Ba4 Qxf4 22. Rxf4 Re7 23. Nc6 Rec7 24. b4 a6 25. b5 Nd3 26. Rf3 Nc5 27. Bc2
axb5 28. Rb1 Re8 29. Rf4 g5 30. Rg4 Nd7 31. Rxb5 Ne5 32. Rg3 Nxc6 33. dxc6 Rxc6
34. Bd3 Bg7 35. Rd5 Re5 36. Bb5 Rc1+ 37. Kf2 Rxe4 38. Rf3 Rc2+ 39. Kf1 Be5 40.
Bd3 Rc1+ 41. Kf2 Ra4 42. Rb5 Kg7 43. Bf5 h5 44. Bd7 Rc2+ 45. Kf1 Ra7 46. Bf5
Rc1+ 47. Ke2 Bd4 48. Rd5 Bc5 49. Kd2 Ra1 50. Bd3 R1xa3 51. Rxg5+ Kh6 52. Rgg3
Bd4 53. Bc4 Rxf3 54. Rxf3 f6 55. Kd3 Be5 56. Ke4 Rc7 57. Bd3 Rg7 58. Rf2 h4 59.
h3 Rg3 60. Bc4 Rc3 61. Kd5 b5 62. Be2 b4 63. Rf3 Rxf3 64. gxf3 Kg5 65. Ke4 b3
66. Bd3 f5+ 67. Ke3 d5 68. Bb1 Bf6 69. f4+ Kg6 70. Kd2 Bd8 71. Ke3 Kf6 72. Kd4
Bc7 73. Ke3 Ke6 74. Bd3 Ba5 75. Bb1 Bb4 76. Bd3 Ba3 77. Bb1 Bc1+ 78. Kf3 d4 79.
Bd3 Kd5 80. Bxf5 Kc4 81. Be6+ Kc3 82. f5 Bg5 83. Ke2 Kc2 84. Bc4 b2 85. Bd3+
Kc1 86. Be4 b1=Q 87. Bxb1 Kxb1 88. Kd3 Bf6 89. Kd2 Kb2 90. Kd3 Kb3 0-1

[Event "NB II. Erkel csoport"]
[Site "Budapest"]
[Date "2023.10.29"]
[Round "2.1"]
[White "Huszar, Mark"]
[Black "Budai, David"]
[Result "0-1"]
[WhiteElo "2058"]
[BlackElo "2322"]
[PlyCount "136"]
[EventDate "2023.10.08"]
[EventType "team-tourn"]
[EventRounds "9"]
[EventCountry "HUN"]
[Source "chess.hu"]
[WhiteTeam "Egri Bolyky BastyaSE"]
[BlackTeam "HUSI SC"]
[WhiteTeamCountry "HUN"]
[BlackTeamCountry "HUN"]

1. e4 c6 2. d4 d5 3. Nc3 dxe4 4. Nxe4 Nf6 5. Nxf6+ exf6 6. Bc4 Bd6 7. Qe2+ Qe7
8. Bd2 Bg4 9. f3 Be6 10. O-O-O b5 11. d5 bxc4 12. dxe6 Qxe6 13. Bh6 Be5 14.
Bxg7 Rg8 15. Bh6 Nd7 16. f4 Bc7 17. Re1 O-O-O 18. Qxe6 fxe6 19. Rxe6 Rg6 20.
Rxc6 Nb6 21. Nf3 Kb7 22. Re6 Rxh6 23. g3 Rg6 24. Nh4 Rg7 25. Rd1 Nd5 26. Nf5
Rgd7 27. Ne3 Nxe3 28. Rxd7 Rxd7 29. Rxe3 Bb6 30. Re2 f5 31. c3 Kc6 32. Kc2 Bc5
33. b3 Re7 34. Rg2 h5 35. Rd2 h4 36. bxc4 h3 37. Rd5 Re2+ 38. Kd3 Rxh2 39. Rxf5
Rg2 40. Rf6+ Kd7 41. Rh6 Rxg3+ 42. Ke4 Rxc3 43. Kd5 Be7 44. f5 Rd3+ 45. Ke4 Ra3
46. Kd5 Ra5+ 47. Ke4 Rxa2 48. Rxh3 Kc6 49. Rh7 a5 50. Kd3 Bb4 51. f6 Rf2 52. f7
a4 53. Rh6+ Bd6 54. f8=Q Rxf8 55. Kc2 Kc5 56. Kb1 Rf2 57. Re6 Rd2 58. Re4 Rd4
59. Re2 Rxc4 60. Ka2 Kb5 61. Rb2+ Bb4 62. Rg2 Rd4 63. Kb1 Rd2 64. Rg3 Kc4 65.
Rh3 Bc3 66. Rh7 Kb3 67. Rb7+ Bb4 68. Kc1 Re2 0-1

[Event "NB II. Erkel csoport"]
[Site "Budapest"]
[Date "2023.10.29"]
[Round "2.2"]
[White "Erdelyi, Zombor"]
[Black "Huszar, Lorant"]
[Result "1-0"]
[WhiteElo "2298"]
[BlackElo "1932"]
[PlyCount "111"]
[EventDate "2023.10.08"]
[EventType "team-tourn"]
[EventRounds "9"]
[EventCountry "HUN"]
[Source "chess.hu"]
[WhiteTeam "HUSI SC"]
[BlackTeam "Egri Bolyky BastyaSE"]
[WhiteTeamCountry "HUN"]
[BlackTeamCountry "HUN"]

1. e4 e5 2. Nf3 Nc6 3. Bb5 a6 4. Ba4 Nf6 5. O-O b5 6. Bb3 Be7 7. Re1 O-O 8. c3
d6 9. h3 Na5 10. Bc2 c5 11. d4 Qc7 12. Nbd2 Re8 13. Nf1 g6 14. Bg5 Nh5 15. Ne3
Bxg5 16. Nxg5 Nf6 17. Nd5 Nxd5 18. exd5 Bb7 19. Ne4 Kg7 20. a4 exd4 21. b4 Nc4
22. bxc5 dxc5 23. axb5 axb5 24. cxd4 Bxd5 25. dxc5 Rad8 26. Qd4+ Qe5 27. Qxe5+
Rxe5 28. f4 Bxe4 29. fxe5 Bxc2 30. Ra7 Kg8 31. Rb7 Rc8 32. Rxb5 Na3 33. Rb7
Rxc5 34. e6 fxe6 35. Rxe6 Rf5 36. Rc7 Bd1 37. Re1 Ba4 38. Ra1 Nb5 39. Rc8+ Kg7
40. Rxa4 Nd6 41. Rd8 Nf7 42. Rd7 h5 43. h4 g5 44. hxg5 Kg6 45. Ra8 Kxg5 46. Rf8
Kg6 47. Ra7 Kg7 48. Rb8 Kg6 49. Rb2 Kg5 50. Rf2 Rxf2 51. Kxf2 Nh6 52. Kf3 Ng4
53. Ra5+ Kg6 54. Kf4 Kh6 55. Ra6+ Kg7 56. Kg5 1-0

[Event "NB II. Erkel csoport"]
[Site "Budapest"]
[Date "2023.10.29"]
[Round "2.3"]
[White "Kovacs, Daniel"]
[Black "Papp, Gellert"]
[Result "0-1"]
[WhiteElo "1942"]
[BlackElo "2262"]
[PlyCount "67"]
[EventDate "2023.10.08"]
[EventType "team-tourn"]
[EventRounds "9"]
[EventCountry "HUN"]
[Source "chess.hu"]
[WhiteTeam "Egri Bolyky BastyaSE"]
[BlackTeam "HUSI SC"]
[WhiteTeamCountry "HUN"]
[BlackTeamCountry "HUN"]

1. e4 e6 2. a3 c5 3. b4 b6 4. d4 cxd4 5. Qxd4 Nc6 6. Qe3 a5 7. b5 Bc5 8. Qg3
Qf6 9. c3 Ne5 10. Nh3 d6 11. Be2 Bb7 12. O-O h6 13. Nd2 Qg6 14. Qxg6 Nxg6 15.
Re1 Nf6 16. Bd1 Ne5 17. Bc2 a4 18. Kf1 Nfg4 19. Ke2 g5 20. Nf1 Ke7 21. f3 Nf6
22. Be3 Rhc8 23. Bd2 d5 24. exd5 Nxd5 25. Kd1 Nc4 26. Be4 Bxa3 27. Bxd5 Bxd5
28. Bc1 Bxc1 29. Kxc1 a3 30. Nf2 a2 31. Ne3 Nxe3 32. Rxe3 Ra3 33. Kc2 Rc5 34.
Nd3 0-1

[Event "NB II. Erkel csoport"]
[Site "Budapest"]
[Date "2023.10.29"]
[Round "2.4"]
[White "Biro, David"]
[Black "Vajda, Albert Sr"]
[Result "1-0"]
[WhiteElo "2239"]
[BlackElo "2073"]
[PlyCount "129"]
[EventDate "2023.10.08"]
[EventType "team-tourn"]
[EventRounds "9"]
[EventCountry "HUN"]
[Source "chess.hu"]
[WhiteTeam "HUSI SC"]
[BlackTeam "Egri Bolyky BastyaSE"]
[WhiteTeamCountry "HUN"]
[BlackTeamCountry "HUN"]

1. d4 Nf6 2. c4 c5 3. d5 b5 4. Qc2 bxc4 5. e4 g6 6. Nc3 d6 7. Bxc4 Bg7 8. Nf3
Nbd7 9. h3 O-O 10. O-O Nb6 11. Be2 Ne8 12. Rd1 a5 13. Bf4 Nc7 14. Qd2 Re8 15.
Bh6 Bh8 16. Qf4 Nd7 17. h4 Ba6 18. Bxa6 Rxa6 19. h5 e5 20. Qh2 Bf6 21. Qh3 Nf8
22. Qg3 Kh8 23. hxg6 Nxg6 24. Ng5 Qe7 25. Nf3 Rg8 26. Qh2 Rb6 27. b3 Rbb8 28.
Rac1 Rb4 29. Re1 Rbb8 30. Kf1 Nf8 31. Ke2 Rg6 32. Rh1 Bg7 33. Be3 Bf6 34. Bh6
Bg7 35. Bxg7+ Rxg7 36. g3 Qd7 37. Qh3 Qxh3 38. Rxh3 Nb5 39. Nxb5 Rxb5 40. Rc4
Nd7 41. Nh4 Nb6 42. Rc1 Nd7 43. Nf5 Rg6 44. Ne7 Rf6 45. Rch1 Nf8 46. Rh6 Rxh6
47. Rxh6 Ng6 48. Nc8 a4 49. bxa4 Rb2+ 50. Ke3 Rxa2 51. Nxd6 Ra3+ 52. Ke2 Rxa4
53. Rh1 Ra2+ 54. Kf3 Ra7 55. Rc1 Rc7 56. Kg4 Kg8 57. Kf5 Nf8 58. Nc4 f6 59. Ra1
Rg7 60. Kxf6 Rf7+ 61. Kxe5 Rxf2 62. Kd6 Rf6+ 63. Kxc5 Rg6 64. Ra3 Nd7+ 65. Kd4
1-0

[Event "NB II. Erkel csoport"]
[Site "Budapest"]
[Date "2023.10.29"]
[Round "2.5"]
[White "Botos, Krisztian"]
[Black "Zila, Laszlo"]
[Result "1/2-1/2"]
[WhiteElo "1942"]
[BlackElo "2240"]
[PlyCount "27"]
[EventDate "2023.10.08"]
[EventType "team-tourn"]
[EventRounds "9"]
[EventCountry "HUN"]
[Source "chess.hu"]
[WhiteTeam "Egri Bolyky BastyaSE"]
[BlackTeam "HUSI SC"]
[WhiteTeamCountry "HUN"]
[BlackTeamCountry "HUN"]

1. c4 Nf6 2. Nc3 g6 3. d4 Bg7 4. g3 O-O 5. Bg2 d6 6. Nf3 Nc6 7. O-O a6 8. b3
Rb8 9. Bb2 Bd7 10. d5 Na5 11. Qc2 c5 12. e4 b5 13. e5 Ng4 14. exd6 1/2-1/2

[Event "NB II. Erkel csoport"]
[Site "Budapest"]
[Date "2023.10.29"]
[Round "2.6"]
[White "Szabolcsi, Janos"]
[Black "Kis, Jozsef"]
[Result "1-0"]
[WhiteElo "2184"]
[BlackElo "1919"]
[PlyCount "81"]
[EventDate "2023.10.08"]
[EventType "team-tourn"]
[EventRounds "9"]
[EventCountry "HUN"]
[Source "chess.hu"]
[WhiteTeam "HUSI SC"]
[BlackTeam "Egri Bolyky BastyaSE"]
[WhiteTeamCountry "HUN"]
[BlackTeamCountry "HUN"]

1. d4 Nf6 2. Nf3 g6 3. g3 Bg7 4. Bg2 O-O 5. O-O d6 6. c4 Nc6 7. Nc3 e5 8. dxe5
Nxe5 9. Nxe5 dxe5 10. Qxd8 Rxd8 11. Bg5 Rd4 12. b3 c6 13. Rfd1 Bf5 14. Be3 Ng4
15. Bxd4 exd4 16. Ne4 Rd8 17. h3 Ne5 18. g4 Bc8 19. f4 Nd7 20. b4 Nb6 21. Rac1
f5 22. gxf5 Bxf5 23. Nc5 Re8 24. Bf3 Re7 25. Kg2 Bf6 26. a4 g5 27. a5 Nc8 28.
Nb3 Rd7 29. b5 gxf4 30. bxc6 Rg7+ 31. Kh2 bxc6 32. Nxd4 Bd7 33. Nxc6 Bh4 34.
Ne5 Ba4 35. Rd4 Bg3+ 36. Kh1 Rc7 37. c5 Bb3 38. c6 Be6 39. Bg4 Bxg4 40. hxg4 f3
41. Rd8+ 1-0

[Event "NB II. Erkel csoport"]
[Site "Budapest"]
[Date "2023.10.29"]
[Round "2.7"]
[White "Gordos, Csaba Dr"]
[Black "Feher, Botond"]
[Result "1/2-1/2"]
[WhiteElo "1775"]
[BlackElo "2009"]
[PlyCount "66"]
[EventDate "2023.10.08"]
[EventType "team-tourn"]
[EventRounds "9"]
[EventCountry "HUN"]
[Source "chess.hu"]
[WhiteTeam "Egri Bolyky BastyaSE"]
[BlackTeam "HUSI SC"]
[WhiteTeamCountry "HUN"]
[BlackTeamCountry "HUN"]

1. e4 c5 2. d4 cxd4 3. c3 dxc3 4. Nxc3 g6 5. Nf3 Bg7 6. Bc4 Nc6 7. O-O d6 8. h3
Nf6 9. Qe2 O-O 10. Rd1 Qc7 11. Nb5 Qb8 12. Bf4 e5 13. Bg3 Ne8 14. Qd2 Nc7 15.
Qxd6 Nxb5 16. Bxb5 Be6 17. Bxc6 bxc6 18. Bxe5 Bxe5 19. Qxe5 Qb6 20. b3 Rfd8 21.
Ng5 Re8 22. Nxe6 Rxe6 23. Qd4 Qa6 24. f3 Ree8 25. Qc4 Qb6+ 26. Kf1 Rad8 27.
Rac1 h5 28. Rxd8 Rxd8 29. Ke2 Qa5 30. Rc2 Qg5 31. Kf2 Qh4+ 32. Ke3 Qg5+ 33. Kf2
Qh4+ 1/2-1/2

[Event "NB II. Erkel csoport"]
[Site "Budapest"]
[Date "2023.10.29"]
[Round "2.8"]
[White "Feher, Tamas"]
[Black "Losonczy, Istvan"]
[Result "1-0"]
[WhiteElo "2110"]
[BlackElo "1724"]
[PlyCount "55"]
[EventDate "2023.10.08"]
[EventType "team-tourn"]
[EventRounds "9"]
[EventCountry "HUN"]
[Source "chess.hu"]
[WhiteTeam "HUSI SC"]
[BlackTeam "Egri Bolyky BastyaSE"]
[WhiteTeamCountry "HUN"]
[BlackTeamCountry "HUN"]

1. c4 Nf6 2. g3 g6 3. Bg2 Bg7 4. Nc3 O-O 5. e4 d6 6. Nge2 c5 7. d3 Nc6 8. O-O
a6 9. a3 Nd4 10. Nxd4 cxd4 11. Ne2 Qb6 12. b4 Bg4 13. h3 Bd7 14. Bd2 Rac8 15.
a4 e6 16. a5 Qa7 17. Qb3 Bc6 18. Rfb1 Rfd8 19. b5 axb5 20. cxb5 Be8 21. a6 bxa6
22. Rxa6 Qc5 23. b6 Rb8 24. Ra5 Qc8 25. b7 Qd7 26. Ra7 Qe7 27. Ba5 Rd7 28. Nxd4
1-0

[Event "NB II. Erkel csoport"]
[Site "Budapest"]
[Date "2023.10.29"]
[Round "2.9"]
[White "Szego, Krisztian"]
[Black "Horvath, Antal Jr"]
[Result "0-1"]
[WhiteElo "1611"]
[BlackElo "2014"]
[PlyCount "72"]
[EventDate "2023.10.08"]
[EventType "team-tourn"]
[EventRounds "9"]
[EventCountry "HUN"]
[Source "chess.hu"]
[WhiteTeam "Egri Bolyky BastyaSE"]
[BlackTeam "HUSI SC"]
[WhiteTeamCountry "HUN"]
[BlackTeamCountry "HUN"]

1. d4 Nf6 2. Nf3 e6 3. c4 b6 4. Nc3 Bb4 5. a3 Bxc3+ 6. bxc3 Bb7 7. Bg5 O-O 8.
Qc2 c5 9. e3 h6 10. h4 cxd4 11. cxd4 Qc7 12. Bd3 Rc8 13. Bxf6 gxf6 14. Qe2 d5
15. Rc1 Ba6 16. Nd2 Qe7 17. Qg4+ Kf8 18. Qh5 Qxa3 19. Qxh6+ Ke7 20. Ke2 dxc4
21. Nxc4 Bxc4 22. Bxc4 Nd7 23. e4 b5 24. Bd3 Qb2+ 25. Qd2 Qxd4 26. f3 Rg8 27.
g4 a6 28. Rc7 Rgc8 29. Rhc1 Rxc7 30. Rxc7 Qd6 31. Qc3 Qh2+ 32. Ke3 Qxh4 33.
Qc5+ Ke8 34. Qc6 Rd8 35. Qxa6 Qh6+ 36. Ke2 Qh2+ 0-1

[Event "NB II. Erkel csoport"]
[Site "Budapest"]
[Date "2023.10.29"]
[Round "2.10"]
[White "Vitalyos, Marton"]
[Black "Nagy, Gabor"]
[Result "1-0"]
[WhiteElo "2041"]
[BlackElo "1595"]
[PlyCount "51"]
[EventDate "2023.10.08"]
[EventType "team-tourn"]
[EventRounds "9"]
[EventCountry "HUN"]
[Source "chess.hu"]
[WhiteTeam "HUSI SC"]
[BlackTeam "Egri Bolyky BastyaSE"]
[WhiteTeamCountry "HUN"]
[BlackTeamCountry "HUN"]

1. e4 e5 2. Nf3 Nc6 3. d4 exd4 4. Nxd4 Nxd4 5. Qxd4 c5 6. Qd1 d6 7. Nc3 Nf6 8.
Bf4 a6 9. e5 Qe7 10. Qxd6 Nd7 11. O-O-O Qh4 12. Qd2 Be7 13. Nd5 Bd8 14. g3 Qg4
15. Ne3 Qe6 16. Bc4 Qg6 17. Bd3 Qe6 18. Bf5 Qc6 19. Nc4 O-O 20. Bxd7 Bxd7 21.
Qxd7 Qf3 22. e6 Bf6 23. e7 Rfe8 24. Rhe1 Qxf2 25. Nd6 Rxe7 26. Rxe7 1-0

[Event "NB II. Erkel csoport"]
[Site "Budapest"]
[Date "2023.10.29"]
[Round "2.11"]
[White "Molnar, Daniel Zsolt"]
[Black "Tegzes, Laszlo"]
[Result "0-1"]
[WhiteElo "1598"]
[BlackElo "1994"]
[PlyCount "48"]
[EventDate "2023.10.08"]
[EventType "team-tourn"]
[EventRounds "9"]
[EventCountry "HUN"]
[Source "chess.hu"]
[WhiteTeam "Egri Bolyky BastyaSE"]
[BlackTeam "HUSI SC"]
[WhiteTeamCountry "HUN"]
[BlackTeamCountry "HUN"]

1. e4 c5 2. Nc3 Nc6 3. f4 d6 4. Nf3 Nf6 5. Bc4 e6 6. d3 Be7 7. O-O O-O 8. Qe2
a6 9. a4 d5 10. Ba2 Nb4 11. Bb3 c4 12. Na2 cxb3 13. Nxb4 Qb6+ 14. Be3 Qxb4 15.
c3 Qa5 16. e5 Ng4 17. Bd2 Qb6+ 18. d4 f5 19. exf6 Nxf6 20. f5 Ne4 21. Bf4 exf5
22. Qe3 Bd6 23. Bg5 f4 24. Qe2 Bg4 0-1

[Event "NB II. Erkel csoport"]
[Site "Budapest"]
[Date "2023.10.29"]
[Round "2.1"]
[White "Sagi, Bence"]
[Black "Szamoskozi, Gabor"]
[Result "1/2-1/2"]
[WhiteElo "2137"]
[BlackElo "2241"]
[PlyCount "63"]
[EventDate "2023.10.08"]
[EventType "team-tourn"]
[EventRounds "9"]
[EventCountry "HUN"]
[Source "chess.hu"]
[WhiteTeam "Fot SE-LearningChess"]
[BlackTeam "Vizugyi SC"]
[WhiteTeamCountry "HUN"]
[BlackTeamCountry "HUN"]

1. d4 Nf6 2. c4 c5 3. d5 e6 4. Nc3 exd5 5. cxd5 d6 6. e4 g6 7. f3 Bg7 8. Nge2
h5 9. Bg5 Na6 10. Ng3 h4 11. Bb5+ Bd7 12. Nge2 Nc7 13. a4 h3 14. g3 a6 15.
Bxd7+ Qxd7 16. O-O O-O 17. Qd2 b5 18. Bh6 Rfe8 19. Bxg7 Kxg7 20. Nd1 bxa4 21.
Ne3 Nh7 22. Ng4 Kg8 23. Qc3 f6 24. Nf4 Qg7 25. Rxa4 Rab8 26. Ne3 Ng5 27. Nc4
Nb5 28. Qd3 Ra8 29. Nb6 Rab8 30. Nc4 Ra8 31. Nb6 Rab8 32. Nc4 1/2-1/2

[Event "NB II. Erkel csoport"]
[Site "Budapest"]
[Date "2023.10.29"]
[Round "2.2"]
[White "Dencsi, Tibor"]
[Black "Bravin, Alexey"]
[Result "1/2-1/2"]
[WhiteElo "2276"]
[BlackElo "2030"]
[PlyCount "92"]
[EventDate "2023.10.08"]
[EventType "team-tourn"]
[EventRounds "9"]
[EventCountry "HUN"]
[Source "chess.hu"]
[WhiteTeam "Vizugyi SC"]
[BlackTeam "Fot SE-LearningChess"]
[WhiteTeamCountry "HUN"]
[BlackTeamCountry "HUN"]

1. c4 Nf6 2. g3 e6 3. Bg2 d5 4. Nf3 Be7 5. O-O O-O 6. b3 b6 7. Bb2 Bb7 8. e3
Nbd7 9. Nc3 c5 10. d3 a6 11. Nh4 Rb8 12. Qe2 dxc4 13. dxc4 Bxg2 14. Nxg2 Qc7
15. f4 Rbd8 16. g4 Qb7 17. e4 Nb8 18. g5 Nfd7 19. Rf3 Rfe8 20. Rh3 Nf8 21. e5
Nc6 22. Ne4 Nd4 23. Bxd4 Rxd4 24. Nf6+ Bxf6 25. gxf6 Qe4 26. Re3 Qf5 27. Rf1
Ng6 28. Rg3 Red8 29. Ne3 Qe4 30. Qh5 Rd3 31. Rh3 h6 32. Qf3 Qxf3 33. Rfxf3 R8d4
34. fxg7 Rxf4 35. Rfg3 Rh4 36. Rxh4 Nxh4 37. Kf2 Ng6 38. Ke2 Rd4 39. Ng4 Kxg7
40. Nf2 Kf8 41. Nd3 Ke7 42. Ke3 Rh4 43. h3 Rh5 44. Ke4 Rh4+ 45. Ke3 Rh5 46. Ke4
Rh4+ 1/2-1/2

[Event "NB II. Erkel csoport"]
[Site "Budapest"]
[Date "2023.10.29"]
[Round "2.3"]
[White "Gubics, Peter"]
[Black "Mika, Janos"]
[Result "1/2-1/2"]
[WhiteElo "1972"]
[BlackElo "2109"]
[PlyCount "134"]
[EventDate "2023.10.08"]
[EventType "team-tourn"]
[EventRounds "9"]
[EventCountry "HUN"]
[Source "chess.hu"]
[WhiteTeam "Fot SE-LearningChess"]
[BlackTeam "Vizugyi SC"]
[WhiteTeamCountry "HUN"]
[BlackTeamCountry "HUN"]

1. c4 c5 2. g3 Nc6 3. Bg2 g6 4. Nc3 Bg7 5. Nf3 e6 6. O-O Nge7 7. d3 d5 8. a3
O-O 9. Rb1 b6 10. Bf4 dxc4 11. dxc4 Bxc3 12. bxc3 Qxd1 13. Rfxd1 Ba6 14. Ne5
Rac8 15. Nd7 Rfd8 16. Bg5 h6 17. Bxh6 Bxc4 18. Bg5 Bd5 19. Nf6+ Kg7 20. e4 Ba2
21. Ra1 Bb3 22. Rdb1 c4 23. Ng4 Rd3 24. Bf6+ Kf8 25. Bf1 Rd2 26. Bg5 Rc2 27.
Rc1 Rxc1 28. Rxc1 f5 29. exf5 exf5 30. Ne3 Ne5 31. Bf6 Nf3+ 32. Kg2 Nd2 33. Be2
Ne4 34. Bd4 b5 35. f3 Nc5 36. Kf1 Kf7 37. g4 Ne6 38. Be5 Nc6 39. f4 Nxe5 40.
fxe5 f4 41. Nd5 Rc5 42. Bf3 Ng5 43. e6+ Nxe6 44. h4 Rc8 45. Ke2 Re8 46. Kd2 Rd8
47. Re1 Rd7 48. Kc1 Nc5 49. Nxf4 Nd3+ 50. Nxd3 Rxd3 51. Be4 Rxc3+ 52. Kb2 Rh3
53. Rh1 Rxh1 54. Bxh1 Bd1 55. Bc6 Bxg4 56. Bxb5 Be2 57. Kc3 Kf6 58. Bxc4 Bxc4
59. Kxc4 Kf5 60. Kb5 Kg4 61. Ka6 Kxh4 62. Kxa7 g5 63. a4 g4 64. a5 g3 65. a6 g2
66. Kb7 g1=Q 67. a7 Qb1+ 1/2-1/2

[Event "NB II. Erkel csoport"]
[Site "Budapest"]
[Date "2023.10.29"]
[Round "2.4"]
[White "Tomosvary, Attila"]
[Black "Bokros, Istvan"]
[Result "1/2-1/2"]
[WhiteElo "2129"]
[BlackElo "2002"]
[PlyCount "75"]
[EventDate "2023.10.08"]
[EventType "team-tourn"]
[EventRounds "9"]
[EventCountry "HUN"]
[Source "chess.hu"]
[WhiteTeam "Vizugyi SC"]
[BlackTeam "Fot SE-LearningChess"]
[WhiteTeamCountry "HUN"]
[BlackTeamCountry "HUN"]

1. e4 c5 2. Nc3 Nc6 3. f4 g6 4. Nf3 Bg7 5. Bb5 Nd4 6. O-O a6 7. Bc4 d6 8. Nxd4
cxd4 9. Ne2 e6 10. d3 b5 11. Bb3 Ne7 12. Qe1 O-O 13. Bd2 a5 14. a4 b4 15. Ng3
Kh8 16. Qf2 f5 17. Rae1 e5 18. Qe2 Bd7 19. exf5 Nxf5 20. Nxf5 gxf5 21. Rf3 Qe8
22. Rh3 Ra7 23. Qh5 Qxh5 24. Rxh5 Be8 25. Rh3 Bf7 26. Bxf7 Raxf7 27. c3 e4 28.
dxe4 dxc3 29. bxc3 bxc3 30. Bxc3 Bxc3 31. Rxc3 fxe4 32. Rxe4 Rxf4 33. Rxf4 Rxf4
34. Rd3 Rxa4 35. Rxd6 Kg7 36. Ra6 Ra1+ 37. Kf2 Ra3 38. g3 1/2-1/2

[Event "NB II. Erkel csoport"]
[Site "Budapest"]
[Date "2023.10.29"]
[Round "2.5"]
[White "Dancs, Zsolt"]
[Black "Budai, Akos"]
[Result "1/2-1/2"]
[WhiteElo "2039"]
[BlackElo "2037"]
[PlyCount "77"]
[EventDate "2023.10.08"]
[EventType "team-tourn"]
[EventRounds "9"]
[EventCountry "HUN"]
[Source "chess.hu"]
[WhiteTeam "Fot SE-LearningChess"]
[BlackTeam "Vizugyi SC"]
[WhiteTeamCountry "HUN"]
[BlackTeamCountry "HUN"]

1. e4 c5 2. Nf3 e6 3. d4 cxd4 4. Nxd4 Nc6 5. Be3 Qc7 6. Bd3 a6 7. O-O Nf6 8.
Nc3 Be7 9. Kh1 Nxd4 10. Bxd4 e5 11. Be3 d6 12. h3 Be6 13. f4 exf4 14. Bxf4 Nd7
15. Nd5 Bxd5 16. exd5 O-O 17. Qf3 Bf6 18. Qg3 Be5 19. Qh4 g6 20. Bh6 Bg7 21.
Rae1 Bxh6 22. Qxh6 Rae8 23. Kh2 Ne5 24. Qd2 Qb6 25. Re4 Qc5 26. c4 a5 27. a3 a4
28. Rh4 f6 29. Qh6 Qc7 30. Bc2 Ra8 31. c5 dxc5 32. d6 Qd7 33. Re1 Qg7 34. Qxg7+
Kxg7 35. Rxa4 b5 36. Rxa8 Rxa8 37. Rd1 Rd8 38. Rd5 c4 39. Be4 1/2-1/2

[Event "NB II. Erkel csoport"]
[Site "Budapest"]
[Date "2023.10.29"]
[Round "2.6"]
[White "Pisak, Istvan"]
[Black "Piroska, Istvan"]
[Result "1-0"]
[WhiteElo "1948"]
[BlackElo "1909"]
[PlyCount "111"]
[EventDate "2023.10.08"]
[EventType "team-tourn"]
[EventRounds "9"]
[EventCountry "HUN"]
[Source "chess.hu"]
[WhiteTeam "Vizugyi SC"]
[BlackTeam "Fot SE-LearningChess"]
[WhiteTeamCountry "HUN"]
[BlackTeamCountry "HUN"]

1. c4 e5 2. Nc3 Nf6 3. Nf3 Nc6 4. g3 d5 5. cxd5 Nxd5 6. Bg2 Nb6 7. O-O Be7 8.
d3 O-O 9. Bd2 Be6 10. Rc1 f6 11. a3 Na5 12. b4 Nb3 13. Rb1 Nxd2 14. Nxd2 Nd5
15. Rc1 c6 16. Nb3 b6 17. Ne4 Rc8 18. Nbd2 f5 19. Nc3 Bf6 20. Nxd5 cxd5 21. e3
Qd7 22. Rxc8 Rxc8 23. a4 Rc3 24. Nb1 Rc8 25. b5 Qc7 26. d4 Qc4 27. dxe5 Bxe5
28. Nd2 Qa2 29. Nf3 Bc3 30. Ng5 d4 31. Nxe6 Qxe6 32. exd4 Rd8 33. d5 Qd6 34.
Qd3 Qe5 35. Qc4 Bd4 36. Rd1 Bc5 37. d6+ Kf8 38. d7 Qb2 39. Qf4 Qc2 40. Rd2 Qb1+
41. Bf1 Qe4 42. Qc7 Qe7 43. Qxa7 f4 44. Qc7 fxg3 45. hxg3 h5 46. Qf4+ Qf7 47.
Qxf7+ Kxf7 48. Bg2 Ke7 49. Bc6 Rf8 50. Kg2 Kd8 51. f3 g5 52. Re2 Be7 53. a5
bxa5 54. b6 g4 55. fxg4 h4 56. b7 1-0

[Event "NB II. Erkel csoport"]
[Site "Budapest"]
[Date "2023.10.29"]
[Round "2.7"]
[White "Meszaros, Matyas"]
[Black "Balint, Laszlo Dr"]
[Result "1-0"]
[WhiteElo "2017"]
[BlackElo "1763"]
[PlyCount "89"]
[EventDate "2023.10.08"]
[EventType "team-tourn"]
[EventRounds "9"]
[EventCountry "HUN"]
[Source "chess.hu"]
[WhiteTeam "Fot SE-LearningChess"]
[BlackTeam "Vizugyi SC"]
[WhiteTeamCountry "HUN"]
[BlackTeamCountry "HUN"]

1. d4 Nf6 2. c4 g6 3. Nc3 Bg7 4. e4 d6 5. Be2 O-O 6. Be3 e5 7. d5 a5 8. g4 Na6
9. g5 Nd7 10. h4 f5 11. gxf6 Nxf6 12. h5 Nc5 13. hxg6 hxg6 14. Bf3 b6 15. Qe2
Bd7 16. O-O-O Qc8 17. Rh4 a4 18. Kb1 Nb7 19. Qf1 Kf7 20. Nh3 Bxh3 21. Rxh3 Rh8
22. Rxh8 Qxh8 23. Qg2 Qg8 24. Rg1 Bf8 25. Nb5 Na5 26. Bg4 Qg7 27. Be6+ Ke7 28.
Nxc7 Rb8 29. Rc1 Nb7 30. Bg5 Nc5 31. Bh3 Kd8 32. Ne6+ Nxe6 33. Bxe6 Be7 34. f3
Kc7 35. Be3 Nd7 36. Rg1 Rf8 37. Bxd7 Kxd7 38. Bxb6 Rb8 39. Qg4+ Ke8 40. Bc7 Ra8
41. c5 dxc5 42. d6 Bf6 43. Qe6+ Kf8 44. Qd5 Ra7 45. d7 1-0

[Event "NB II. Erkel csoport"]
[Site "Budapest"]
[Date "2023.10.29"]
[Round "2.8"]
[White "Kiss, Balazs Dr"]
[Black "Pallagi, Janos"]
[Result "0-1"]
[WhiteElo "1732"]
[BlackElo "1988"]
[PlyCount "54"]
[EventDate "2023.10.08"]
[EventType "team-tourn"]
[EventRounds "9"]
[EventCountry "HUN"]
[Source "chess.hu"]
[WhiteTeam "Vizugyi SC"]
[BlackTeam "Fot SE-LearningChess"]
[WhiteTeamCountry "HUN"]
[BlackTeamCountry "HUN"]

1. e4 e5 2. Nf3 Nf6 3. Nxe5 d6 4. Nxf7 Kxf7 5. d4 c5 6. Bc4+ Be6 7. d5 Bd7 8.
Qd3 b5 9. Bxb5 Bxb5 10. Qxb5 Nxe4 11. O-O Qd7 12. Qd3 Nf6 13. Nc3 g6 14. Qf3
Qf5 15. Qxf5 gxf5 16. Bf4 Nh5 17. Bd2 h6 18. Ne2 Bg7 19. f4 Nd7 20. Rab1 Rab8
21. b3 Ndf6 22. Nc3 Rhe8 23. g3 Ne4 24. Nxe4 Rxe4 25. Rfe1 Rbe8 26. Kf2 Nf6 27.
c4 Ng4+ 0-1